<?xml version="1.0" encoding="UTF-8"?>
<record
    xmlns:xsi="http://www.w3.org/2001/XMLSchema-instance"
    xsi:schemaLocation="http://www.loc.gov/MARC21/slim http://www.loc.gov/standards/marcxml/schema/MARC21slim.xsd"
    xmlns="http://www.loc.gov/MARC21/slim">

  <leader>00651nam a2200217Ia 4500</leader>
  <controlfield tag="001">67354</controlfield>
  <controlfield tag="003">OSt</controlfield>
  <controlfield tag="005">20160419114306.0</controlfield>
  <controlfield tag="008">150604s9999    xx            000 0 und d</controlfield>
  <datafield tag="020" ind1=" " ind2=" ">
    <subfield code="a">NA</subfield>
  </datafield>
  <datafield tag="040" ind1=" " ind2=" ">
    <subfield code="c">PK-LaUMT</subfield>
  </datafield>
  <datafield tag="082" ind1=" " ind2=" ">
    <subfield code="a"> 954.09</subfield>
    <subfield code="b">TAM-</subfield>
  </datafield>
  <datafield tag="100" ind1=" " ind2=" ">
    <subfield code="a">Gastoli Ban</subfield>
  </datafield>
  <datafield tag="245" ind1=" " ind2=" ">
    <subfield code="a">(&#x62A;&#x645;&#x62F;&#x646; &#x6C1;&#x646;&#x62F;)Tamaddan-e-Hind (Urdu)</subfield>
    <subfield code="c">(&#x639;&#x644;&#x6CC; &#x628;&#x644;&#x6AF;&#x631;&#x627;&#x645;&#x6CC;)Gastoli Ban|Ali Bilgrami|Babar Javed, Muhammad</subfield>
  </datafield>
  <datafield tag="260" ind1=" " ind2=" ">
    <subfield code="a">(&#x644;&#x627;&#x6C1;&#x648;&#x631;&#x60C;&#x67E;&#x627;&#x6A9;&#x633;&#x62A;&#x627;&#x646;)Lahore,Pakistan:</subfield>
    <subfield code="b">(&#x627;&#x644;&#x645;&#x6CC;&#x646;&#x627;&#x631; &#x628;&#x6A9; &#x633;&#x646;&#x679;&#x631;)Al-Minar Book Center,</subfield>
    <subfield code="c">NA</subfield>
  </datafield>
  <datafield tag="300" ind1=" " ind2=" ">
    <subfield code="a">433 p.</subfield>
  </datafield>
  <datafield tag="546" ind1=" " ind2=" ">
    <subfield code="a">UR</subfield>
  </datafield>
  <datafield tag="700" ind1=" " ind2=" ">
    <subfield code="a">Babar Javed, Muhammad</subfield>
  </datafield>
  <datafield tag="700" ind1=" " ind2=" ">
    <subfield code="a">Ali Bilgrami</subfield>
  </datafield>
  <datafield tag="942" ind1=" " ind2=" ">
    <subfield code="c">BK</subfield>
    <subfield code="2">ddc</subfield>
  </datafield>
  <datafield tag="999" ind1=" " ind2=" ">
    <subfield code="c">72730</subfield>
    <subfield code="d">72730</subfield>
  </datafield>
  <datafield tag="952" ind1=" " ind2=" ">
    <subfield code="0">0</subfield>
    <subfield code="1">0</subfield>
    <subfield code="4">0</subfield>
    <subfield code="7">0</subfield>
    <subfield code="a">01</subfield>
    <subfield code="b">01</subfield>
    <subfield code="d">2015-06-03</subfield>
    <subfield code="l">1</subfield>
    <subfield code="o"> 954.09 TAM-</subfield>
    <subfield code="p">90723</subfield>
    <subfield code="r">2025-10-27 12:19:09</subfield>
    <subfield code="s">2025-10-27</subfield>
    <subfield code="w">2015-06-05</subfield>
    <subfield code="y">BK</subfield>
  </datafield>
</record>
